000 00735nam2a2200229 4500
001 rc\2839741
005 20110629105035.1
035 _a(NLR Aleph) 006997345
090 _a13574497
_c13574497
100 _a20110629d1927 |||y0rusy50 ca
101 0 _arus
102 _aRU
105 _ay z |||||
200 1 _aГидролиз протеинов
_e(Из области химии протеинов)
210 _d1927
461 0 _1001rc\2839740
_12001#$aСерия монографий физико-математического факультета$eВып. I-$vВып. 1
700 1 _aЯичников
_bИ. С.
801 0 _aRU
_bNLR
_gpsbo
801 1 _aRU
_bELAR
_2rusmarc
852 _aNLR
_j60/1691
942 _cBOOK
980 _aNB